| 000 | 02121nam2a2200313 4500 | ||
|---|---|---|---|
| 001 | RU\NLR\bibl\136603 | ||
| 005 | 20250618043329.0 | ||
| 010 |
_a5-88151-161-1 _9200 |
||
| 021 |
_aRU _b98-37800 _91812 |
||
| 035 | _a(NLR Aleph) 000133804 | ||
| 090 |
_a764656 _c764656 |
||
| 100 | _a20010222d1998 |||y0rusy50 ca | ||
| 101 | 0 |
_arus _aeng _deng _eeng |
|
| 102 | _aRU | ||
| 105 | _aa ||||||||| | ||
| 200 | 1 | _aТеория и практика расчета несущей способности и осадки свайных фундаментов. Оценка несущей способности свай в полевых условиях, диагностика свойств грунтов, приборы, интерпретация результатов | |
| 210 |
_d1998 _aБ. м. |
||
| 215 |
_a217 с. _cил. |
||
| 300 | _aЧасть текста на англ. яз. | ||
| 300 | _aРез. на англ. яз. | ||
| 320 | _aБиблиогр. в конце докл. | ||
| 461 | 0 |
_1001RU\NLR\bibl\79461 _12001#$aТруды VI международной конференции по проблемам свайного фундаментостроения$vТ. 1 _9430552 _aМеждународная конференция по проблемам свайного фундаментостроения (3 ; 1992 ; Минск) _cМ. _d1998 _fПод общ. ред. чл.-корр. Рос. Акад. наук, засл. деят. науки и техники РФ, проф. А.А. Бартоломея _lWorks of the VI-th International Conference on the Problems of Pile Foundations Building _nПерм. гос. техн. ун-т _tТруды VI международной конференции по проблемам свайного фундаментостроения _vТ. 1 |
|
| 606 | 0 |
_aСвайные фундаменты _jСъезды,совещания и т.п. _xНесущая способность _xРасчет _92196108 _3RU\NLR\auth\661319894 |
|
| 801 | 0 |
_aRU _bNLR _c20010222 _gPSBO |
|
| 801 | 1 |
_aRU _bNLR _c20010222 |
|
| 852 |
_aNLR _j2000-3/539 |
||
| 942 | _cBOOK | ||
| 980 | _aNB | ||